2025 Most Livable Cities: Sudden Death - Statistics

General Stats
  • This quiz has been taken 176 times
  • The average score is 5 of 10
Answers on the Grid
Answers color-coded by a green-red scale on the quiz's grid according to % correct below.
Copenhagen
Prague
Chicago
Vienna
Zurich
Osaka
Boston
Dubai
Melbourne
Geneva
Shanghai
Sydney
Auckland
Tianjin
Adelaide
Muscat
Panama City
Vancouver
London
Seoul
 
Answer Stats
Answer % Correct
Copenhagen
62%
Vienna
55%
Zurich
55%
Auckland
51%
Sydney
51%
Geneva
48%
Melbourne
47%
Vancouver
43%
Adelaide
38%
Osaka
26%
No matching quizzes found
Score Distribution
Percent of People with Each Score
Percentile by Number Answered
Your Score History
You have not taken this quiz